[Event "Almaty Open 2019"]
[Site "Almaty"]
[Date "2019.10.09"]
[Round "4.12"]
[White "Sisabayev, Kuanysh"]
[Black "Tologontegin, Semetey"]
[Result "0-1"]
[WhiteElo "2289"]
[BlackElo "2384"]
[Annotator "TA"]
[PlyCount "92"]
[EventDate "2019.10.07"]
[EventType "swiss"]
[EventCountry "KAZ"]
[SourceTitle "playchess.com"]
[Source "ChessBase"]
[SourceQuality "1"]

{[%evp 16,92,70,85,108,111,91,76,69,47,74,60,74,22,29,4,8,0,12,38,35,0,19,-44,43,53,44,-39,-40,-31,-29,-142,-152,-133,-115,-118,-107,-129,-24,-161,-141,-158,-164,-157,-112,-182,-145,-164,-174,-222,-226,-321,-304,-336,-344,-398,-409,-533,-527,-527,-520,-495,-520,-517,-492,-649,-663,-636,-622,-714,-708,-1063,-987,-29982,-29983,-29996,-29990,-29990,-2111]} 1. e4 g6 2. d4 Bg7 3. c4 d6 4. Nc3 e5 5. Be3 Nc6 6. d5 Nd4 7. Nge2 Nxe2 8. Bxe2 f5 9. exf5 Bxf5 {A42: Modern Defence: Averbakh Variation} (9... gxf5 10. Bh5+ Kf8 11. f4 e4 12. c5 Nf6 13. O-O Bd7 14. Rc1 b6 15. cxd6 cxd6 16. a4 Rc8 17. Be2 h5 {1-0 (58) Kuzubov,Y (2639)-Rakhmanov,A (2610) Dubai 2014}) 10. g4 Bd7 11. Qd2 Nf6 {White is better.} 12. h3 Qe7 13. O-O-O a6 $146 ({Predecessor:} 13... b6 14. Bd3 a6 15. Kb1 O-O 16. Bg5 Qf7 17. Rhf1 b5 18. f4 e4 19. Bxe4 Nxe4 20. Nxe4 h6 21. Bh4 bxc4 {½-½ (21) Havas,L (2257)-Rozic,M (2089) Zagreb 2012}) 14. c5 ({White should try} 14. f4 $16) 14... O-O $11 15. cxd6 cxd6 16. Bb6 Rac8 17. Kb1 Be8 18. Rc1 Bf7 19. g5 {[#]} (19. Rhe1 $11) 19... Nh5 (19... Rxc3 $1 $15 {[%mdl 512]} 20. Qxc3 (20. bxc3 Nxd5) 20... Nxd5 {[%mdl 64] Double Attack}) 20. Bg4 $14 {Black must now prevent Ne4.} Rc4 21. Ne2 ({White should play} 21. f3 $14 Nf4 22. h4) 21... Rxc1+ $15 22. Rxc1 Nf4 $1 {[%cal Rf4d5]} 23. Rc7 (23. Nxf4 $11 {keeps the balance.} Qxg5 {[%mdl 64] Pin} 24. Bc7) 23... Qxg5 $17 24. Be3 Bxd5 25. Nc3 {[#]} Bc6 $1 26. Qxd6 Rd8 (26... Kh8 $17 27. a3 h5) 27. Be6+ (27. Qb4 $11 {and White has nothing to worry.}) 27... Kh8 $19 28. Rc8 {[#]} Rxc8 $1 29. Bxc8 h5 30. Qc7 (30. a4 $17) 30... Qf6 31. a4 Ne6 $36 {[%mdl 2048] Black has strong initiative.} 32. Qb6 Qe7 33. a5 (33. f3 $142) 33... Nf4 34. Bc5 Qf7 35. Ka1 Kh7 36. h4 Nd5 37. Qb3 Qc7 38. Nxd5 Qxa5+ {[%mdl 64] Double Attack} (38... Qxc8 $2 39. Ne7 $19) 39. Kb1 Qxc5 {[%mdl 64] Double Attack} 40. Nc3 Qf8 41. Be6 Qxf2 42. Nd5 Qxh4 43. Qf3 e4 44. Qf7 {[#]} e3 $1 {Black mates.} 45. Ne7 (45. Nxe3 Qe1+) 45... Be4+ 46. Ka2 Qf2 {Accuracy: White = 22%, Black = 69%.} (46... e2 $142 47. Qg8+ Kh6 48. Qe8 e1=Q 49. Ng8+ Kh7 50. Nf6+ Qxf6 51. Qg8+ Kh6 52. Qh7+ {[%mdl 64] Decoy} Kxh7 53. Bg8+ Kxg8 54. Kb3 Qxb2+ 55. Kc4 Qec3#) 0-1

[Event "Almaty Open 2019"]
[Site "Almaty"]
[Date "2019.10.09"]
[Round "4.13"]
[White "Harutyunian, Tigran K."]
[Black "Nukin, Tolegen"]
[Result "1-0"]
[WhiteElo "2535"]
[BlackElo "2104"]
[Annotator "TA"]
[PlyCount "47"]
[EventDate "2019.10.07"]
[EventType "swiss"]
[EventCountry "KAZ"]
[SourceTitle "playchess.com"]
[Source "ChessBase"]
[SourceQuality "1"]

{[%evp 18,47,52,52,129,129,111,114,113,119,120,108,126,114,122,115,132,128,204,189,194,200,179,188,217,197,266,260,400,376,2628,2508]} 1. c4 c5 2. Nf3 Nf6 3. Nc3 e6 4. g3 b6 5. Bg2 Bb7 6. O-O d6 7. Re1 Be7 8. e4 Nbd7 9. d4 cxd4 10. Nxd4 a6 {A30: Symmetrical English: Double Fianchetto and Hedgehog} (10... Qc7 $14) (10... Qb8 11. f4 e5 12. Nf5 g6 13. Nxe7 Kxe7 14. b3 a6 15. Qf3 Qc7 16. Rf1 b5 17. fxe5 dxe5 18. Bg5 Qb6+ 19. Kh1 h6 20. c5 Qe6 21. Nd5+ Bxd5 22. exd5 Qf5 23. Bxf6+ Nxf6 24. d6+ {1-0 (24) Fridman,D (2631)-Volodin,A (2457) Tallinn 2019}) 11. e5 $16 dxe5 {[#] And now ...Bxg2 would win.} 12. Nxe6 fxe6 {White is better.} 13. Bxb7 Ra7 14. Bg2 Rc7 15. Be3 O-O $146 ({Predecessor:} 15... Qc8 16. Qb3 Ng4 17. Bh3 Nxe3 18. Rxe3 {1-0 (27) Dougherty,M (2186)-Siddeley,H (2010) Toronto 2006}) 16. Qe2 Qc8 17. Rac1 Rxc4 {[#]} (17... Bc5 $16 {was worth a try.}) 18. Bb7 $1 $18 {[%mdl 576] Deflection} Qxb7 19. Qxc4 Kf7 20. Bg5 b5 21. Qe2 Bc5 (21... h6 {keeps fighting.}) 22. Bxf6 gxf6 (22... Nxf6 $142 23. Nxb5 {[%mdl 64] Discovered Attack} Qxb5) 23. Ne4 Bd4 $2 (23... Be7 24. Qf3 Kg6 25. Qg4+ {[%mdl 64] Double Attack} Kf7) 24. Nd6+ {[%mdl 64] Double Attack. Accuracy: White = 100%, Black = 42%.} 1-0

[Event "Almaty Open 2019"]
[Site "Almaty"]
[Date "2019.10.09"]
[Round "4.14"]
[White "Dauletova, Gulmira"]
[Black "Kairbekova, Amina"]
[Result "1-0"]
[WhiteElo "2259"]
[BlackElo "2096"]
[Annotator "TA"]
[PlyCount "63"]
[EventDate "2019.10.07"]
[EventType "swiss"]
[EventCountry "KAZ"]
[SourceTitle "playchess.com"]
[Source "ChessBase"]
[SourceQuality "1"]

{[%evp 10,63,10,18,23,30,32,28,13,17,30,10,0,6,0,0,0,14,9,0,0,-8,39,27,25,38,80,64,145,148,107,112,97,-12,-14,-13,119,107,89,104,119,67,514,532,520,339,710,704,1114,613,1210,1182,1188,1197,1242,1241]} 1. e4 e6 2. d4 d5 3. Nd2 Be7 4. Bd3 c5 5. dxc5 Nf6 6. Qe2 a5 {C03: French Tarrasch: Unusual Black 3rd moves} 7. Ngf3 O-O 8. O-O Na6 {White has an edge.} 9. e5 Nd7 10. c3 (10. c4 Ndxc5 11. Bb1 d4 12. Rd1 d3 13. Qe3 b6 14. Ne1 Bb7 15. Nxd3 {½-½ (57) Liang,A (2552)-So,W (2786) Saint Louis 2018}) 10... Naxc5 11. Bc2 b5 12. a3 Ba6 {White must now prevent ...b4.} 13. b4 $40 {[%mdl 128] White is up to no good.} Na4 {[#]} 14. Qd3 $146 {[%csl Gc2][%cal Rd3h7]} ({Predecessor:} 14. Nb3 axb4 15. cxb4 {1-0 (35) Stephan,J (2553)-Stengelin,M (2412) ICCF email 2011}) 14... g6 15. Nb3 Rc8 16. Nxa5 Rxc3 17. Qe2 {And now Bxa4 would win.} Qc8 {[#]} 18. Bd3 $1 Qb8 (18... Nab6 $14) 19. Bd2 $16 Rc7 {[#]} 20. Nd4 $1 {aiming for Nac6.} Rfc8 21. Nxb5 (21. Bxb5 $16 Bxb5 22. Nxb5) 21... Nb2 22. a4 Nxd3 (22... Nb6 $11 23. Rfb1 N6xa4 24. Rxa4 Nxa4 25. Nxc7 Bxd3 26. Qxd3 Qxc7) 23. Nxc7 Qxc7 24. b5 {[%cal Bb4b5,Bb5a6,Ba6a7][%mdl 32]} Qc2 {Threatens to win with ...Bb4.} 25. Qd1 ({White should try} 25. bxa6 $16 Ra8 26. Nc6) 25... Nb2 $2 {[%mdl 8192]} ({Black should play} 25... Qxd1 $1 $14 26. Rfxd1 Ra8) 26. Qxc2 $18 Rxc2 27. Be3 Bd8 $2 (27... Bxb5 28. axb5 Nd3) 28. bxa6 {White is clearly winning.} Bxa5 29. Ra2 Rc6 {White should prevent ...Nc4.} 30. a7 Ra6 31. Rxb2 Bc3 32. Rb8+ {Accuracy: White = 57%, Black = 41%.} 1-0

[Event "Almaty Open 2019"]
[Site "Almaty"]
[Date "2019.10.09"]
[Round "4.15"]
[White "Zhukenov, Aituar"]
[Black "Igen, Amir"]
[Result "1-0"]
[WhiteElo "2196"]
[BlackElo "1934"]
[Annotator "TA"]
[PlyCount "23"]
[EventDate "2019.10.07"]
[EventType "swiss"]
[EventCountry "KAZ"]
[SourceTitle "playchess.com"]
[Source "ChessBase"]
[SourceQuality "1"]

{[%evp 13,42,97,90,72,639,622,752,707,703,698,670,639,886,778,1943,1904,1904,1900,2984,2956,2503,2491,29993,29994,29994,29993,29995,29996,29998,29999,29999]} 1. e4 c5 2. Nf3 d6 3. Bb5+ Bd7 4. Bxd7+ Qxd7 5. c4 Qg4 6. O-O Qxe4 7. d4 cxd4 8. Nxd4 {And now Re1 would win. B52: Sicilian: Moscow Variation with 3...Bd7} a6 $146 {[%mdl 8192]} (8... Nf6 $16) ({Predecessor:} 8... Nc6 9. Nb5 O-O-O 10. Be3 Kb8 11. Qc1 Qf5 12. N1c3 a6 13. a4 Nf6 14. Qd2 Ne4 15. Nxe4 Qxe4 16. Rfe1 Qxc4 {1-0 (24) Khachiyan,M (2469)-Pruess,D (2402) Agoura Hills 2007}) 9. Nc3 $18 Qg6 {If Black can now play ...Nd7 this consolidates a bit.} 10. Nd5 {White is clearly winning.} Ra7 11. Qa4+ Nd7 {[#]} 12. Nc7+ {Played: Nd4-b5} 1-0

[Event "Almaty Open 2019"]
[Site "Almaty"]
[Date "2019.10.09"]
[Round "4.16"]
[White "Malygin, Vladislav"]
[Black "Kembayev, Bakhytzhan"]
[Result "1/2-1/2"]
[WhiteElo "1941"]
[BlackElo "2119"]
[Annotator "TA"]
[PlyCount "128"]
[EventDate "2019.10.07"]
[EventType "swiss"]
[EventCountry "KAZ"]
[SourceTitle "playchess.com"]
[Source "ChessBase"]
[SourceQuality "1"]

{[%evp 14,128,18,14,58,17,24,0,18,0,13,0,1,0,0,0,18,15,26,19,22,-21,-21,-24,-21,-25,-25,-33,-25,-5,-10,-26,-28,-28,-19,-31,0,0,0,0,0,0,0,0,0,0,0,0,0,-16,-16,-24,-24,-32,-34,-82,-82,-82,-82,-81,-81,-82,-84,-88,-87,-204,-192,-164,-7,-8,-7,-7,0,0,0,0,0,-8,-8,-8,-8,-8,-8,-8,0,0,0,-8,-8,-8,-8,-8,-8,-8,0,-8,0,-8,-8,-8,-8,-8,-8,-8,-8,-8,-8,-8,0,-8,-8,-8,0,-8,0,0,0]} 1. e4 d6 2. d4 Nf6 3. Nc3 e5 4. Nf3 Nbd7 5. Bc4 Be7 6. O-O O-O 7. h3 c6 8. a4 Rb8 {C41: Philidor Defence} (8... h6 9. Re1 Re8 10. Be3 exd4 11. Bxd4 Nf8 12. Qd2 Be6 13. Bf1 Ng6 14. Be3 Bf8 15. a5 d5 16. a6 b6 17. e5 Nd7 {0-1 (45) Fedoseev,V (2683)-Rapport,R (2736) Hengshui 2019}) 9. dxe5 dxe5 10. Be3 $146 ({Predecessor:} 10. Qe2 a6 11. Rd1 Qc7 12. Be3 b5 13. axb5 axb5 14. Bb3 Nc5 15. Bxc5 Bxc5 {½-½ (77) Tokranovs,D (1929)-Kalnins,K (2290) Riga 2012}) 10... b6 11. Qe2 Qc7 12. Rad1 Nc5 13. Nd2 Bd6 14. Bg5 Qe7 15. Qf3 Ne6 16. Bxe6 Bxe6 17. Bxf6 Qxf6 18. Qxf6 gxf6 19. Nf3 Bb4 20. Nh4 Bxc3 21. bxc3 Rfd8 22. g4 Kf8 23. Kg2 Ke7 24. Kf3 a5 25. Ke3 b5 26. Rxd8 Kxd8 $11 {[%mdl 4096] Endgame KRB-KRN} 27. Ra1 $1 b4 28. cxb4 Rxb4 29. Nf3 c5 30. Nd2 Kc7 31. c3 Rb2 32. Kd3 {[#]} c4+ $1 {[%mdl 512]} 33. Nxc4 Rxf2 34. Rb1 Rf3+ 35. Ne3 Rxh3 36. Rb5 Bxg4 37. Rxa5 Be6 38. Ke2 h5 39. c4 (39. Nd5+ $17 Bxd5 40. exd5) 39... h4 40. Nd5+ {[#]} Bxd5 $2 (40... Kc6 $1 $19 41. Nxf6 Ra3) 41. exd5 $19 {KR-KR. The position is equal.} Rc3 {Strongly threatening ...h3.} 42. Ra7+ Kb6 43. Rxf7 Rxc4 44. Rxf6+ Kc5 45. a5 {Rc6+ is the strong threat.} Kxd5 46. Rh6 Ra4 47. a6 Ra2+ 48. Ke1 Kd4 {Hoping for ...e4.} 49. Rxh4+ e4 (49... Kd3 {looks sharper.} 50. Rh6 Ke3 51. Rh3+ Ke4 52. Rh4+ Kd5) 50. Rh3 Rxa6 51. Ke2 Rb6 52. Ra3 Rb2+ 53. Ke1 Rh2 54. Rb3 Ke5 55. Ra3 Kf4 56. Rb3 Rh1+ 57. Ke2 Ra1 58. Rh3 Ra2+ 59. Ke1 Rg2 (59... Rb2 {feels hotter.} 60. Ra3 Rb1+ 61. Kf2 Rb6 62. Ke2 Rh6) 60. Ra3 Rh2 61. Rb3 $1 Rh8 62. Ke2 Rh2+ 63. Ke1 e3 {And now ...Kf3 would win.} 64. Rb8 Ke5 {Accuracy: White = 59%, Black = 61%.} 1/2-1/2

[Event "Almaty Open 2019"]
[Site "Almaty"]
[Date "2019.10.09"]
[Round "4.17"]
[White "Bizhigitov, Zhangir"]
[Black "Zhakshylykov, Erzhan"]
[Result "1-0"]
[WhiteElo "2018"]
[BlackElo "1999"]
[Annotator "NA RC"]
[PlyCount "58"]
[EventDate "2019.10.07"]
[EventType "swiss"]
[EventCountry "KAZ"]
[SourceTitle "playchess.com"]
[Source "ChessBase"]
[SourceQuality "1"]
[TimeControl "5400+30"]

{[%evp 8,40,27,4,16,-6,7,8,-4,32767,12,32767,48,32767,32767,-16,3,-35,-38,-57,32767,32767,44,44,21,45,59,32767,32767,32767,104,110,32767,32767,283]} 1. e4 {[%emt 0:00:00]} c5 {[%emt 0:00:00]} 2. Nf3 {[%emt 0:00:00]} d6 {[%emt 0:00:03]} 3. d4 {[%emt 0:00:19]} cxd4 {[%emt 0:00:17]} 4. Qxd4 {[%emt 0:00:39]} a6 {[%emt 0:01:22]} 5. Bg5 {[%emt 0:01:54]} Nc6 {[%emt 0:04:05]} 6. Qd2 {[%emt 0:00:23]} h6 {[%emt 0:02:03]} 7. Be3 {[%emt 0:06:12] B53: Sicilian: 2...d6: Lines with Qxd4} Nf6 {[%emt 0:02:22]} 8. Nc3 {[%emt 0:01:35]} Ng4 {[%emt 0:04:14]} 9. Bf4 {[%emt 0:00:24]} g5 {[%emt 0:00:24]} (9... e5 $5 {[%cal Re5f4]} 10. Bg3 Be7 $11) 10. Bg3 {[%emt 0:00:09]} Bg7 {[%emt 0:00:16]} 11. h3 {[%emt 0:09:37]} (11. h4 gxh4 12. Rxh4 Be6 13. Nd5 Rc8 14. O-O-O Nge5 {1-0 (41) Tsydypov,Z (2551)-Kevlishvili,R (2461) Skopje 2019}) 11... Nf6 $1 {[%emt 0:05:22]} 12. O-O-O $146 {[%emt 0:13:35]} ({Predecessor:} 12. Be2 Qa5 13. O-O Be6 14. a3 O-O {0-1 (22) Dostan,J (2188)-Vucinic,G (2252) Novi Sad 2013}) 12... Be6 {[%emt 0:06:36]} 13. Kb1 {[%emt 0:21:04]} Qa5 14. Nd5 {[%emt 0:07:29]} Qa4 {[%emt 0:16:50]} ({Better is} 14... Qxd2 $11 15. Nxf6+ Bxf6 16. Nxd2 b5) 15. Nc7+ {[%emt 0:07:24] [#]} Kd7 $1 {[%emt 0:00:47]} 16. Nxe6 {[%emt 0:00:57]} Nxe4 {[%emt 0:00:23]} (16... fxe6 $11 17. Bd3 Nxe4 18. Bxe4 Qxe4) 17. Nxg7 {[%emt 0:01:38]} Nxd2+ {[%emt 0:01:36]} 18. Rxd2 {[%emt 0:00:08]} Rac8 $16 {[%emt 0:07:44]} ({Better is} 18... Qa5 $14) 19. c3 {[%emt 0:05:50]} b5 {[%emt 0:08:18]} 20. Bd3 {[%emt 0:06:29]} Kc7 {[%emt 0:06:19]} 21. Nf5 {[%emt 0:01:52]} Rcd8 {[%emt 0:02:30]} 22. Re1 {[%emt 0:00:52]} Rd7 {[%emt 0:03:49]} 23. Bc2 {[%emt 0:01:04]} Qa5 {[%emt 0:01:24]} 24. Nxe7 {[%emt 0:02:29]} Nxe7 {[%emt 0:07:54]} 25. Rxe7 {[%emt 0:00:25]} Rxe7 {[%emt 0:04:11]} 26. Bxd6+ {[%emt 0:00:04]} Kb7 {[%emt 0:02:25]} 27. Bxe7 {[%emt 0:00:09]} Re8 {[%emt 0:00:21]} 28. Rd7+ {[%emt 0:00:55]} Kb8 {[%emt 0:01:01]} 29. Ne5 {[%emt 0:02:07]} Rh8 1-0

[Event "Almaty Open 2019"]
[Site "Almaty"]
[Date "2019.10.09"]
[Round "4.18"]
[White "Nurgaliyev, Sauat"]
[Black "Baimurzin, Aitkazy"]
[Result "1/2-1/2"]
[WhiteElo "1995"]
[BlackElo "2036"]
[Annotator "NA RC"]
[PlyCount "94"]
[EventDate "2019.10.07"]
[EventType "swiss"]
[EventCountry "KAZ"]
[SourceTitle "playchess.com"]
[Source "ChessBase"]
[SourceQuality "1"]
[TimeControl "5400+30"]

1. e4 {[%emt 0:00:00]} c5 {[%emt 0:00:01]} 2. Nf3 {[%emt 0:00:00]} a6 {[%emt 0:00:26]} 3. c4 {[%emt 0:00:30]} e6 {[%emt 0:00:57]} 4. Nc3 {[%emt 0:00:59]} b6 {[%emt 0:01:08]} 5. d4 {[%emt 0:01:07]} cxd4 {[%emt 0:00:40]} 6. Nxd4 {[%emt 0:00:33]} Bb7 {[%emt 0:00:33]} 7. Bd3 {[%emt 0:02:03]} Qc7 {[%emt 0:03:08] A34: Symmetrical English: 2 Nc3, lines with ...d5} (7... d6 8. f4 Nf6 9. O-O Be7 10. Be3 Nbd7 11. b4 O-O 12. a3 Rc8 13. Rc1 Re8 14. g4 e5 15. Nf5 exf4 16. Bxf4 Bf8 17. Bxd6 Ne5 18. Bxf8 Rxf8 {½-½ (37) Kryvoruchko,Y (2697)-Romanov,E (2614) Porto Carras 2018}) 8. O-O {[%emt 0:02:27]} Nf6 {[%emt 0:03:37]} 9. Bg5 {[%emt 0:02:38]} Bd6 $146 {[%emt 0:04:59]} ({Predecessor:} 9... Be7 10. Qe2 d6 11. Kh1 Nbd7 12. f4 h6 13. Bh4 Nc5 14. e5 Ng8 15. Bxe7 Nxe7 16. Ncb5 axb5 17. Nxb5 Qc6 18. Nxd6+ Kf8 {1-0 (28) Velasquez,A (1880)-Rengifo,C (1561) Dosquebradas 2018}) 10. h3 {[%emt 0:02:18]} Bf4 {[%emt 0:04:53]} 11. Bxf4 {[%emt 0:03:16]} Qxf4 {[%emt 0:00:29]} 12. Qf3 {[%emt 0:02:35]} ({White should play} 12. Re1 $14) 12... Qxf3 {[%emt 0:03:03]} 13. gxf3 {[%emt 0:00:39]} d6 {[%emt 0:01:39]} 14. b4 {[%emt 0:01:43]} g5 {[%emt 0:02:11]} 15. a4 {[%emt 0:01:56]} Nbd7 {[%emt 0:02:47]} 16. Rfc1 {[%emt 0:03:47]} Ke7 {[%emt 0:02:31]} 17. a5 {[%emt 0:00:45]} Ne5 {[%emt 0:03:20]} 18. Bf1 {[%emt 0:01:17]} bxa5 {[%emt 0:14:38]} 19. Rxa5 {[%emt 0:02:03]} Rhc8 {[%emt 0:05:54]} 20. Na4 {[%emt 0:03:41]} Nfd7 {[%emt 0:08:53]} 21. c5 {[%emt 0:07:48]} dxc5 {[%emt 0:10:10]} 22. Nxc5 {[%emt 0:06:06]} Nxc5 {[%emt 0:01:41]} 23. bxc5 {[%emt 0:04:57]} Nc6 {[%emt 0:05:11]} 24. Nxc6+ {[%emt 0:03:07]} Rxc6 {[%emt 0:00:34]} 25. Rb1 {[%emt 0:01:25]} Ra7 {[%emt 0:03:24]} 26. Bd3 {[%emt 0:06:22]} f6 {[%emt 0:03:07]} 27. Bc2 {[%emt 0:01:02]} Rc7 {[%emt 0:02:38]} 28. Rb6 {[%emt 0:03:24]} Bc6 {[%emt 0:02:04]} 29. Bb3 {[%emt 0:05:32]} Bd7 {[%emt 0:01:35]} 30. Bc4 {[%emt 0:04:50]} Bc8 {[%emt 0:00:32]} 31. Kf1 {[%emt 0:03:58]} h5 {[%emt 0:01:17]} 32. Kg2 {[%emt 0:04:54]} h4 {[%emt 0:00:51]} 33. Kf1 {[%emt 0:03:09]} Bd7 {[%emt 0:03:33]} 34. Ke2 {[%emt 0:01:47]} e5 {[%emt 0:00:53]} 35. Kf1 $1 {[%emt 0:01:07]} Bxh3+ {[%emt 0:00:04]} 36. Kg1 $11 {[%emt 0:00:03]} Bc8 {[%emt 0:00:20]} 37. Bd5 {[%emt 0:00:16]} Bd7 {[%emt 0:00:29]} 38. Kh2 {[%emt 0:00:54]} Bc8 {[%emt 0:01:36]} 39. Kg2 {[%emt 0:00:48]} Bd7 {[%emt 0:00:41]} 40. Kh2 {[%emt 0:00:26]} Rc8 {[%emt 0:00:57]} 41. Bb7 {[%emt 0:03:01]} Rc7 {[%emt 0:00:27]} 42. Bd5 {[%emt 0:01:19]} Bc8 {[%emt 0:01:04]} 43. Kg2 {[%emt 0:00:22]} Bd7 {[%emt 0:00:29]} 44. Kh2 {[%emt 0:00:16]} Rc8 {[%emt 0:00:49]} 45. Bb7 {[%emt 0:00:14]} Rc7 {[%emt 0:00:21]} 46. Bd5 Be8 47. c6 Bd7 1/2-1/2

[Event "Almaty Open 2019"]
[Site "Almaty"]
[Date "2019.10.11"]
[Round "6.1"]
[White "Igambergenov, Alibek"]
[Black "Hamitevici, Vladimir"]
[Result "1/2-1/2"]
[WhiteElo "2402"]
[BlackElo "2472"]
[Annotator "ChessBase"]
[PlyCount "89"]
[EventDate "2019.10.07"]
[EventType "swiss"]
[EventCountry "KAZ"]
[SourceTitle "playchess.com"]
[Source "ChessBase"]
[SourceQuality "1"]
[TimeControl "5400+30"]

1. Nf3 {[%emt 0:00:55]} d5 {[%emt 0:03:31]} 2. e3 {[%emt 0:01:12]} e6 {[%emt 0:02:10]} 3. c4 {[%emt 0:00:05]} Nf6 {[%emt 0:01:14]} 4. b3 {[%emt 0:00:20]} b6 {[%emt 0:00:48]} 5. Bb2 {[%emt 0:00:40]} Bb7 {[%emt 0:00:37]} 6. g3 {[%emt 0:00:35]} Nbd7 {[%emt 0:03:06]} 7. Bg2 {[%emt 0:01:49]} a5 {[%emt 0:00:39]} 8. Nc3 {[%emt 0:06:40]} Ne4 {[%emt 0:04:34]} 9. O-O {[%emt 0:01:59]} Ndc5 {[%emt 0:06:00]} 10. cxd5 {[%emt 0:06:31]} exd5 {[%emt 0:03:36]} 11. d3 {[%emt 0:00:33]} Nf6 {[%emt 0:04:36]} 12. Qc2 {[%emt 0:08:59]} Be7 {[%emt 0:03:29]} 13. Nd4 {[%emt 0:00:24]} g6 {[%emt 0:01:10]} 14. Nce2 {[%emt 0:05:48]} O-O {[%emt 0:01:43]} 15. Nf4 {[%emt 0:00:05]} Re8 {[%emt 0:03:10]} 16. a3 {[%emt 0:01:18]} Qd7 {[%emt 0:12:42]} 17. b4 {[%emt 0:04:04]} Ne6 {[%emt 0:03:08]} 18. Ndxe6 {[%emt 0:04:11]} fxe6 {[%emt 0:00:13]} 19. Bh3 {[%emt 0:00:03]} Bd8 {[%emt 0:00:29]} 20. Rac1 {[%emt 0:01:52]} Qf7 {[%emt 0:01:13]} 21. Ne2 {[%emt 0:16:39]} e5 {[%emt 0:08:32]} 22. f4 {[%emt 0:00:50]} e4 {[%emt 0:00:43]} 23. Be5 {[%emt 0:03:55]} axb4 {[%emt 0:01:36]} 24. axb4 {[%emt 0:00:03]} c5 {[%emt 0:00:09]} 25. bxc5 {[%emt 0:03:49]} exd3 {[%emt 0:06:16]} 26. Qxd3 {[%emt 0:00:07]} bxc5 {[%emt 0:03:23]} 27. Ra1 {[%emt 0:09:34]} Ba5 {[%emt 0:07:51]} 28. Bg2 {[%emt 0:08:01]} Ne4 {[%emt 0:05:02]} 29. Bxe4 {[%emt 0:05:54]} dxe4 {[%emt 0:00:07]} 30. Qb5 {[%emt 0:00:02]} Bb4 {[%emt 0:01:37]} 31. Rxa8 {[%emt 0:02:25]} Rxa8 {[%emt 0:01:53]} 32. Rd1 {[%emt 0:00:17]} Bd5 {[%emt 0:06:09]} 33. Nc3 {[%emt 0:01:04]} Bxc3 {[%emt 0:01:15]} 34. Bxc3 {[%emt 0:00:03]} Rc8 {[%emt 0:00:24]} 35. Qa6 {[%emt 0:00:33]} Qe6 {[%emt 0:00:17]} 36. Qa7 {[%emt 0:00:44]} Qf7 {[%emt 0:00:05]} 37. Qa5 {[%emt 0:01:37]} h5 {[%emt 0:01:58]} 38. Ba1 {[%emt 0:00:22]} Kh7 {[%emt 0:02:20]} 39. Qc3 {[%emt 0:00:09]} Be6 {[%emt 0:00:48]} 40. Rd6 {[%emt 0:00:53]} Bh3 {[%emt 0:00:16]} 41. Qe5 {[%emt 0:03:04]} Qb7 {[%emt 0:00:51]} 42. Rb6 {[%emt 0:01:14]} Qd7 {[%emt 0:00:30]} 43. Rd6 {[%emt 0:00:04]} Qb7 {[%emt 0:00:03]} 44. Rb6 {[%emt 0:00:35]} Qd7 {[%emt 0:00:09]} 45. Rd6 {[%emt 0:00:22]} 1/2-1/2

[Event "Almaty Open 2019"]
[Site "Almaty"]
[Date "2019.10.11"]
[Round "6.2"]
[White "Barsov, Alexei"]
[Black "Fier, Alexandr"]
[Result "0-1"]
[WhiteElo "2365"]
[BlackElo "2541"]
[Annotator "ChessBase"]
[PlyCount "80"]
[EventDate "2019.10.07"]
[EventType "swiss"]
[EventCountry "KAZ"]
[SourceTitle "playchess.com"]
[Source "ChessBase"]
[SourceQuality "1"]
[TimeControl "5400+30"]

1. d4 {[%emt 0:00:00]} Nf6 {[%emt 0:00:00]} 2. Nf3 {[%emt 0:00:00]} g6 {[%emt 0:00:00]} 3. c4 {[%emt 0:00:00]} Bg7 {[%emt 0:00:00]} 4. g3 {[%emt 0:00:00]} O-O {[%emt 0:00:00]} 5. Bg2 {[%emt 0:00:00]} d6 {[%emt 0:00:00]} 6. O-O {[%emt 0:00:00]} Nbd7 {[%emt 0:00:00]} 7. Nc3 {[%emt 0:00:34]} e5 {[%emt 0:00:00]} 8. e4 {[%emt 0:00:18]} c6 {[%emt 0:00:02]} 9. h3 {[%emt 0:00:49]} Qb6 {[%emt 0:00:05]} 10. dxe5 {[%emt 0:15:34]} Nxe5 {[%emt 0:06:30]} 11. Nxe5 {[%emt 0:25:07]} dxe5 {[%emt 0:00:15]} 12. Na4 {[%emt 0:00:53]} Qc7 {[%emt 0:01:54]} 13. Be3 {[%emt 0:00:20]} Be6 {[%emt 0:05:23]} 14. Qe2 {[%emt 0:00:17]} b6 {[%emt 0:03:26]} 15. Rfd1 {[%emt 0:07:57]} Nd7 {[%emt 0:00:23]} 16. Rd2 {[%emt 0:02:12]} f5 {[%emt 0:04:42]} 17. exf5 {[%emt 0:00:39]} gxf5 {[%emt 0:00:05]} 18. Rad1 {[%emt 0:00:36]} Rae8 {[%emt 0:01:35]} 19. Rd6 {[%emt 0:02:26]} e4 {[%emt 0:00:07]} 20. f4 {[%emt 0:10:38]} exf3 {[%emt 0:04:45]} 21. Qxf3 {[%emt 0:02:41]} Ne5 {[%emt 0:00:06]} 22. Qf2 {[%emt 0:00:03]} Bxc4 {[%emt 0:02:32]} 23. Nc3 {[%emt 0:14:26]} Kh8 {[%emt 0:05:40]} 24. Bf4 {[%emt 0:00:07]} c5 {[%emt 0:04:47]} 25. Qc2 {[%emt 0:03:01]} Qf7 {[%emt 0:05:27]} 26. Qa4 {[%emt 0:05:41]} Be6 {[%emt 0:02:08]} 27. Bd5 {[%emt 0:02:04]} Bxd5 {[%emt 0:00:24]} 28. R6xd5 {[%emt 0:03:33]} Nf3+ {[%emt 0:02:29]} 29. Kf2 {[%emt 0:03:22]} Qh5 {[%emt 0:01:14]} 30. R5d3 {[%emt 0:01:07]} Bd4+ {[%emt 0:11:04]} 31. Rxd4 {[%emt 0:00:28]} cxd4 {[%emt 0:00:38]} 32. Rxd4 {[%emt 0:00:36]} Qxh3 {[%emt 0:04:34]} 33. Rd1 {[%emt 0:00:29]} Qh5 {[%emt 0:05:42]} 34. Qxa7 {[%emt 0:00:30]} Nh2 {[%emt 0:03:47]} 35. Kg2 {[%emt 0:00:28]} Re2+ {[%emt 0:01:03]} 36. Nxe2 {[%emt 0:00:02]} Qxe2+ {[%emt 0:00:05]} 37. Kh3 {[%emt 0:00:16]} Ng4 {[%emt 0:00:43]} 38. Rh1 {[%emt 0:00:12]} Nf2+ {[%emt 0:00:16]} 39. Kg2 {[%emt 0:00:06]} Nxh1+ {[%emt 0:00:51]} 40. Kxh1 {[%emt 0:00:01]} Rd8 {[%emt 0:00:17]} 0-1